Boletín del instituto de investigaciones bibliográficas nueva época vol VII, nums 1 y 2 (Record no. 11007)

MARC details
000 -CABECERA
campo de control de longitud fija 01043nam a22002417a 4500
001 - NÚMERO DE CONTROL
campo de control BRCA_9385
003 - IDENTIFICADOR DEL NÚMERO DE CONTROL
campo de control FranzMayer
005 - FECHA Y HORA DE LA ÚLTIMA TRANSACCIÓN
campo de control 20230918124307.0
008 - DATOS DE LONGITUD FIJA--INFORMACIÓN GENERAL
campo de control de longitud fija 230901b |||||||| |||| 00| 0 eng d
040 ## - FUENTE DE LA CATALOGACIÓN
Centro catalogador/agencia de origen MFM
Lengua de catalogación ESPAÑOL
Centro/agencia transcriptor MFM
050 #0 - SIGNATURA TOPOGRÁFICA DE LA BIBLIOTECA DEL CONGRESO
Número de clasificación F1201
Número de documento/Ítem O78 2008
100 1# - ENTRADA PRINCIPAL--NOMBRE DE PERSONA
Código de función/relación Autor
Nombre de persona Ortiz Macedo, Luis
9 (RLIN) 29461
240 ## - TÍTULO UNIFORME
Título uniforme Boletín del instituto de investigaciones bibliográficas nueva época vol VII, nums 1 y 2
Medio Gremios y cofradías de los arquitectos novohispanos
Lenguaje de la obra Español
245 0# - MENCIÓN DE TÍTULO
Título Boletín del instituto de investigaciones bibliográficas nueva época vol VII, nums 1 y 2
Resto del título Gremios y cofradías de los arquitectos novohispanos
260 ## - PUBLICACIÓN, DISTRIBUCIÓN, ETC.
Lugar de publicación, distribución, etc. México
Nombre del editor, distribuidor, etc. UNAM
Fecha de publicación, distribución, etc. 2008
300 ## - DESCRIPCIÓN FÍSICA
Extensión 84 p
Otras características físicas Ilustraciones
Dimensiones 23 cm
500 ## - NOTA GENERAL
Nota general Anexo 1
500 ## - NOTA GENERAL
Nota general El boletín contiene una dedicatoria y un tarjeta al inicio del mismo
505 ## - NOTA DE CONTENIDO CON FORMATO
Nota de contenido con formato Texto en: españolDirigido a: historiadores
650 1# - PUNTO DE ACCESO ADICIONAL DE MATERIA--TÉRMINO DE MATERIA
Fuente del encabezamiento o término Gremios
Término de materia o nombre geográfico como elemento de entrada Cofradias
Subdivisión de forma Asociaciones
9 (RLIN) 29462
651 2# - PUNTO DE ACCESO ADICIONAL DE MATERIA--NOMBRE GEOGRÁFICO
Fuente del encabezamiento o término Nueva España
Nombre geográfico Novohispanos
Subdivisión de forma Arquitectos novohispanos
9 (RLIN) 29463
942 ## - ELEMENTOS DE PUNTO DE ACCESO ADICIONAL (KOHA)
Fuente del sistema de clasificación o colocación Library of Congress Classification
Tipo de ítem Koha Hemerográfico
Holdings
Estado de retiro Estado de pérdida Fuente del sistema de clasificación o colocación Estado dañado No para préstamo Código de colección Localización permanente Ubicación/localización actual Fecha de adquisición Total de préstamos Signatura topográfica completa Código de barras Fecha visto por última vez Precio válido a partir de Tipo de ítem Koha
El ejemplar forma parte de la colección y puede ser consultado según las políticas vigentes.   Library of Congress Classification     Fondo Contemporáneo Biblioteca del Museo Franz Mayer (Rogerio Casas-Alatriste) Biblioteca del Museo Franz Mayer (Rogerio Casas-Alatriste) 01/09/2023   F1201 O78 2008 CONT10153 01/09/2023 01/09/2023 Hemerográfico